000 01068nam a2200217Ia 4500
001 9310
003 GE_BSU
008 181216s||||||||xx |||||||||||||| ||und||
040 _cGE_BSU
080 _a821.353.1+821.353.1-32+821.353.1-92
100 _aლორთქიფანიძე,ნიკო
245 _aთხზულებანი:მინიატურები და ნოველები,მოთხრობები,პუბლიცისტური წერილები.
245 _cშემდგ:გივი ბოჯგუა;მხატვ:კარლო ფაჩულია;რედ:ე.პოლოლიკაშვილი
260 _aთბილისი.
260 _bგანათლება
260 _c1989
300 _a478გვ;21სმ.
300 _b1ფ.პორტრ.
653 _aთხზულებანი:მინიატურები და ნოველები,მოთხრობები,პუბლიცისტური წერილები.
942 _cBK
999 _c42607
_d42607